000
00314nam a2200109Ia 4500
008
200302s9999 xx 000 0 und d
100
_a
Elesabeth Tostrup
245
_a
Architecture and retroric Text and design in Architectural compitation
260
_b
Andreas Papadakis London
260
_c
1999
300
_a
208 P.,
999
_c
2916
_d
2916